000 00642nam a2200169 i 4500
001 85199
003 ES-MaACL
005 20230906175211.0
007 t|
008 041126s1932 sp a |||| | spa d
100 1 _aJiménez de Aguilar, Juan.
_966488
245 1 0 _aCercanías de Cuenca
_b: Palomera y los Molinos : (descripción, historia y noticias curiosas de la pequeña villa y de sus antiguas fábricas de papel) /
_cpor Juan Jiménez de Aguilar.
260 _aCuenca :
_b[s.n.,
_c1932] (
_fImp. Artística)
300 _a42 p. :
_bil. ;
_c20 cm.
651 4 _aCuenca (Provincia)-
_xDescripción.
_9137110
852 _aES-MaACL
_j1834-F-12
999 _c85199
_d85199